Statistiques concernant Culture Générale - Série 1416

Cliquez ici pour prendre le quiz!

Statistiques générales

  • Ce quiz a été pris 79 fois
  • Le résultat moyen est 4 sur 10

Statistiques - réponses

QuestionRéponse% Correct
Quel clou utilisé comme épice peut servir à soulager les douleurs dentaires ?clou de girofle
88%
La triskaïdékaphobie est la phobie du nombre ...13
75%
Quel pays a des frontières communes avec l'Italie, l'Autriche, la Hongrie et la Croatie ?Slovénie
70%
De quelle région viticole le "Vosne-Romanée" est-il un vin ?Bourgogne
56%
Quel philosophe grec a fondé l'école péripatéticienne à Athènes, en 335 av. J.-C. ?Aristote
48%
Dans "Le Seigneur des anneaux" de Tolkien, quelle créature schizophrène est un ancien Hobbit, à la recherche de l'Anneau unique qu'il surnomme "Mon précieux" ?Gollum
48%
Comment se nomme le signe "&" ?esperluette
41%
Selon la religion catholique, il est le 11e évêque de Rome qui siégea, de 155 à 166 environ (anagramme : natice)Anicet
11%
Quelle espèce d'animal est le caret ?tortue
8%
Cérémonie de prise d'habit ou de voile (religion)vêture
3%

Distribution des résultats

Percentile par nombre de réponses

% des personnes avec chaque résultat

Votre développement - résultats

Vous n’avez pas pris ce quiz